00393nam a2200157Ia 4500008004100000082001000041100001800051245002200069260003200091300000700123365000900130520002600139630002200165650002600187730002200213100917s9999 xx 000 0 und d b50157 aJafa Monorama aBiological Clocks bPublications Divisionc1979 a23 b9.25 aइंग्रजी aBiological Clocks aइंग्रजी aBiological Clocks